Aspectos médicos de la literatura antisupersticiosa española de los siglos XVI y XVII / (Record no. 128156)

MARC details
000 -LEADER
campo de control de longitud fija 00730nam a2200217 i 4500
001 - NÚMERO DE CONTROL
campo de control 128156
003 - IDENTIFICADOR DE NÚMERO DE CONTROL
campo de control ES-MaACL
005 - FECHA Y HORA DE LA ÚLTIMA TRANSACCIÓN
campo de control 20250707073850.0
007 - CAMPO FIJO DE DESCRIPCIÓN FÍSICA--INFORMACIÓN GENERAL
campo de control de longitud fija t|
008 - DATOS DE LONGITUD FIJA--INFORMACIÓN GENERAL
campo de control de longitud fija 070622s1953 sp ||||1| spa d
080 ## - NÚMERO DE LA CLASIFICACIÓN DECIMAL UNIVERSAL
Número de la Clasificación Decimal Universal 398.3:61(46)"15/16"
100 1# - ENTRADA PRINCIPAL--NOMBRE DE PERSONA
Nombre de persona Granjel, Luis S.
9 (RLIN) 59645
245 10 - MENCIÓN DEL TÍTULO
Título Aspectos médicos de la literatura antisupersticiosa española de los siglos XVI y XVII /
Mención de responsabilidad, etc. Luis S. Granjel.
260 ## - PUBLICACIÓN, DISTRIBUCIÓN, ETC.
Lugar de publicación, distribución, etc. Salamanca :
Nombre del editor, distribuidor, etc. Universidad,
Fecha de publicación, distribución, etc. 1953.
300 ## - DESCRIPCIÓN FÍSICA
Extensión 71 p. ;
Dimensiones 25 cm.
490 1# - MENCIÓN DE SERIE
Mención de serie Acta Salmanticensia. Medicina ;
Designación de volumen o secuencia II, 1
710 2# - ENTRADA AGREGADA--NOMBRE DE ENTIDAD CORPORATIVA
Nombre de entidad corporativa o nombre de jurisdicción como elemento de entrada Universidad de Salamanca.
9 (RLIN) 7275
830 00 - PUNTO DE ACCESO ADICIONAL DE SERIE-TÍTULO UNIFORME
Título uniforme Acta Salmanticensia. Medicina
Designación de volumen o secuencia II, 1
9 (RLIN) 182112
852 ## - LOCALIZACIÓN
Ubicación ES-MaACL
Número de control de estantería 1961-F-2
Sublocalización o colección R.35556
Holdings
Estatus retirado Estado de pérdida Estado de daño No para préstamo Colección Biblioteca de origen Biblioteca actual Ubicación en estantería Fecha de adquisición Fuente de adquisición Total de préstamos Signatura topográfica completa Código de barras Visto por última vez Precio de reemplazo Tipo de ítem Koha
        Colección de folletos Biblioteca del Ateneo de Madrid Biblioteca del Ateneo de Madrid Depósito folletos 17/01/2008     1961-F-2 1133482 23/02/2023 23/02/2023 Folleto